000 00259nam a22001097a 4500
082 _a355 KNO'W
100 _aKNORR, KLAUS
_947046
245 _aTHE WAR POTENTIAL OF NATIONS
260 _aRAWALPINDI
_bARMY EDUCATION PRESS
_c1987
300 _a310P
942 _cBK
999 _c571320
_d571320